Canada - Statistiques

Statistiques générales
  • Ce quiz a été pris 37 fois
  • Le résultat moyen est 9 sur 16
Statistiques - réponses
Par images Réponse % Correct
Chutes du Niagara
93%
Montréal
93%
Toronto
93%
Parlement d'Ottawa
82%
Vancouver
82%
Tour CN
68%
Château Frontenac
64%
Parc National de Banff
54%
Rocher Percé
50%
Edmonton
46%
lac Louise
43%
Chute Montmorency
39%
Parc national de Jasper
18%
Whistler
14%
Baie de Fundy
11%
Lac Moraine
7%
Aucun quiz correspondant
Distribution des résultats
% des personnes avec chaque résultat
Percentile par nombre de réponses
Votre historique - résultats
Vous n’avez pas pris ce quiz